000 00509nmm a2200169Ia 4500
008 251105s9999||||xx |||||||||||||||||und||
020 _a8496582051
041 _aspa
100 _aTolentino, Javier
245 0 _aNi delfín, ni tiburón, ni mojarrita :
_b diálogos con Leonardo Sbaraglia
264 _a[Madrid, España] :
_bOcho y Medio,
_c2005
300 _a152 páginas
490 _aCautivos del mal
650 _aFilm studies
856 _uhttps://public.digitaliapublishing.com/a/386
942 _cCF
999 _c74019
_d74019